Medzinárodná sústava jednotiek SI

Bibliographic Details
Main Author: Hutta, Milan, 1928-1989 (Author)
Format: Article
Language:Slovak
Subjects:

MARC

LEADER 00000nab a2200000 a 4500
001 vtls000000251
003 SK-MaSNL
005 20260305023604.0
008 111103c1978 xo 0 slo
015 |a SNBRB19rr/mm-uuuuu 
035 |a CL0010343 
040 |a SNKBUCL  |b slo  |c SNKBUCL  |e AACR2 
041 0 |a slo 
044 |a xo  |c SK 
080 |a 53  |2 1981 
245 0 0 |a Medzinárodná sústava jednotiek SI  |c Milan Hutta 
650 0 7 |a jednotky fyzikálne  |2 snkbucl  |9 1244213 
650 0 7 |a sústava jednotiek SI  |2 snkbucl  |9 1601695 
655 7 |a články z novín a časopisov  |2 snkbucl  |9 267496 
700 1 |a Hutta, Milan,  |d 1928-1989  |4 aut  |9 52266 
773 0 |t Technické noviny  |g Roč. 26, č. 24 (13. 6. 1978), s. 12-13 
850 |a Slovenská národná knižnica v Martine  |a MTA001 
852 |a SNK  |b KIS3GCP 
958 |a RK 
992 |a RBX 
999 |c 3298026  |d 3299956